000 00827nam a2200253Ia 4500
003 OSt
005 20221005103123.0
006 a|||||r|||| 00| 0
007 ta
008 221004b |||||||| |||| 00| 0 san d
020 _c200
024 _a2395
037 _b359, 11/01/2013, Eastern Book Linkers
_cTextual
040 _aCRL
_cCRL
_bsan
041 _2san
_asan
082 _aO15:gx1,1, 152P8
100 _aभरतमुनि
245 0 _aनाटयशास्त्र
246 _aNāṭayashāstra
260 _aउज्जैन
_bकालिदास संस्कृत अकादमी भारत
_c2008
300 _a189पृ0
_ccm.
942 _hO15:gx1,1, 152P8
_cTEXL
_2cc
999 _c1009490
_d1009490